Beginner's mannual of astrology / (Record no. 156665)

MARC details
000 -LEADER
fixed length control field 00556nam a22001817a 4500
005 - DATE AND TIME OF LATEST TRANSACTION
control field 20180831154557.0
010 ## - LCCN (DPL NO)
LC control number ENG-123911
020 ## - INTERNATIONAL STANDARD BOOK NUMBER
Terms of availability 195.00
International Standard Book Number 9788180482366
035 ## - SYSTEM CONTROL NUMBER
System control number EN-107443
037 ## - SOURCE OF ACQUISITION
Source of stock number/acquisition DBAD/PUB
082 ## - DEWEY DECIMAL CLASSIFICATION NUMBER
Classification number 133.5
100 ## - MAIN ENTRY--PERSONAL NAME
Personal name Bansal, Mamta
245 ## - TITLE STATEMENT
Title Beginner's mannual of astrology /
Statement of responsibility, etc by Mamta Bansal
260 ## - PUBLICATION, DISTRIBUTION, ETC. (IMPRINT)
Date of publication, distribution, etc 2013
Place of publication, distribution, etc Chandigarh
Name of publisher, distributor, etc Arun Publishing House Pvt. Ltd.
270 ## - ADDRESS
Address SCO 49-51,Sector 17C,
City Chandigarh
Postal code 160017
300 ## - PHYSICAL DESCRIPTION
Dimensions 21cm.(pbk.)
Extent 224p.
Other physical details ill.(pictures)
942 ## - ADDED ENTRY ELEMENTS (KOHA)
Item type English Books
Source of classification or shelving scheme Dewey Decimal Classification
Call number suffix BAN
Classification part 133.5
Holdings
Withdrawn status Lost status Not for loan Collection code Home library Current library Date acquired Source of acquisition Cost, normal purchase price Full call number Barcode Copy number Cost, replacement price Koha item type
    Not For Loan Non-fiction D.B.Act.Division Sarojini Nagar 30/08/2018 DBAD/PUB 195.00 133.5 BAN EN-107443 1 195.00 English Books

© Delhi Public Library
Hit Counter
free hit counter